[Event "DRUZYNOWE MISTRZOSTWA POLSKI - II LIGA 2018"]
[Site "Jastrzebia Gora"]
[Date "1899-12-30"]
[Round "4.79"]
[White "Molenda, Marcin"]
[Black "Szmyd, Arkadiusz"]
[Result "1/2-1/2"]
[WhiteTitle "FM"]
[BlackTitle "k"]
[WhiteElo "2372"]
[BlackElo "2126"]

1. d4 Nf6 2. c4 e6 3. g3 Bb4+ 4. Bd2 Qe7 5. Nf3 O-O 6. Bg2 d5 7. O-O Bxd2 8. Nbxd2
b6 9. Ne5 Bb7 10. Qa4 Qe8 11. Qxe8 Rxe8 12. Rfc1 Na6 13. cxd5 exd5 14. e3 c5 15.
f4 Rac8 16. a3 cxd4 17. exd4 Rxc1+ 18. Rxc1 Re7 19. Nb1 Rc7 20. Rxc7 Nxc7 21.
Kf2 Kf8 22. Nc3 Ke7 23. Ke3 Nfe8 24. Nc4 f6 25. Kd2 g6 26. Ne3 Kd6 27. f5 Ng7
28. fxg6 hxg6 29. h4 Nge6 30. Nc2 Ng7 31. Bh3 Nh5 32. g4 Nf4 33. Bf1 Bc8 34. Ne3
Bd7 35. Ne2 Nce6 36. Nxf4 Nxf4 37. Bd3 Ke6 38. Bc2 Kf7 39. Bb3 Be6 40. Bd1 Bd7
41. Bf3 Be6 42. Nd1 g5 43. Ke3 Ng6 44. h5 Ne7 45. Kd3 f5 46. Ne3 f4 47. Nd1 Ng8
48. Nf2 Ke7 49. Kc3 a5 50. b4 Nh6 51. bxa5 bxa5 52. Kb2 Kd6 53. Kb3 Bd7 54. Kc3
Be6 55. Kd2 Kc6 56. Be2 Kd6 57. Ke1 Bc8 58. Kf1 Ke7 59. Kg2 Nf7 60. Bf3 Be6 61.
Nd3 Nd6 62. Nc5 Nc4 63. Kf2 Bc8 64. h6 Kf6 65. Bxd5 Nxa3 66. Ne4+ Kg6 67. Nxg5
Kxh6 68. Nf7+ Kg7 69. Ne5 Nc2 70. Kf3 Nxd4+ 71. Kxf4 Ne2+ 72. Ke3 1/2-1/2

[Event "DRUZYNOWE MISTRZOSTWA POLSKI - II LIGA 2018"]
[Site "Jastrzebia Gora"]
[Date "1899-12-30"]
[Round "4.80"]
[White "Kaminski, Piotr"]
[Black "Czerw, Dawid"]
[Result "0-1"]
[WhiteTitle "k"]
[BlackTitle "k"]
[WhiteElo "2097"]
[BlackElo "2263"]

1. d4 e6 2. c4 f5 3. g3 Nf6 4. Bg2 Be7 5. Nh3 O-O 6. O-O d6 7. Nc3 c6 8. e4 fxe4
9. Nxe4 d5 10. Neg5 h6 11. Nf3 dxc4 12. Qc2 Nbd7 13. Nf4 Nb6 14. Re1 Bb4 15. Rd1
Nfd5 16. Ng6 Rf6 17. Nfe5 Bd6 18. Be4 Bd7 19. Ng4 Be8 20. Nxf6+ Qxf6 21. a3 c5
22. dxc5 Ba4 23. Qd2 Bxc5 24. Rf1 Bd4 25. Nf4 c3 26. Qe2 cxb2 27. Nxd5 exd5 28.
Bxb2 dxe4 29. Bxd4 Qxd4 30. Rfe1 Rf8 31. Rab1 Bc6 32. Rb3 Qd5 0-1

[Event "DRUZYNOWE MISTRZOSTWA POLSKI - II LIGA 2018"]
[Site "Jastrzebia Gora"]
[Date "1899-12-30"]
[Round "4.81"]
[White "Pazdziora, Michal"]
[Black "Knopik, Krzysztof"]
[Result "1/2-1/2"]
[WhiteTitle "k"]
[BlackTitle "k"]
[WhiteElo "2211"]
[BlackElo "2078"]

1. e4 e5 2. Nf3 Nc6 3. Bc4 Nf6 4. d3 Bc5 5. c3 d6 6. O-O Bb6 7. Bb3 h6 8. Nbd2
O-O 9. h3 Be6 10. Re1 Bxb3 11. axb3 Nd7 12. g4 Nc5 13. Nf1 Ne6 14. Ng3 Ng5 15.
Kg2 Nxf3 16. Qxf3 Ne7 17. Nf5 Kh7 18. Kh2 Nxf5 19. gxf5 Qh4 20. Be3 Bxe3 21. Qxe3
a6 22. Rg1 Qf6 1/2-1/2

[Event "DRUZYNOWE MISTRZOSTWA POLSKI - II LIGA 2018"]
[Site "Jastrzebia Gora"]
[Date "1899-12-30"]
[Round "4.82"]
[White "Boruta, Dawid"]
[Black "Drozniak, Stanislaw"]
[Result "0-1"]
[WhiteTitle "I"]
[BlackTitle "I++"]
[WhiteElo "1854"]
[BlackElo "2043"]

1. f4 c5 2. Nf3 Nc6 3. g3 h5 4. e4 d5 5. exd5 Qxd5 6. Nc3 Qe6+ 7. Qe2 a6 8. a3
Nh6 9. d3 Nf5 10. Qxe6 Bxe6 11. Ne2 h4 12. Rg1 hxg3 13. hxg3 Bd5 14. Bg2 O-O-O
15. Bd2 Nfd4 16. Nexd4 Nxd4 17. Nxd4 Bxg2 18. O-O-O Bd5 19. Nf5 e6 20. Ne3 Bc6
21. Nc4 f6 22. Rde1 b5 23. Ne3 Bd6 24. Re2 Rh3 25. Nd1 Kd7 26. Nc3 f5 27. Nd1
g5 28. Be3 g4 29. Kd2 Re8 30. c3 e5 31. fxe5 Rxe5 32. Bf4 Rxe2+ 33. Kxe2 Bxf4
34. gxf4 Bf3+ 35. Kf2 Bxd1 36. Rxd1 Rf3+ 37. Kg2 Rxf4 38. Rh1 Ke6 39. Rh6+ Ke5
40. Rxa6 Rf3 41. d4+ cxd4 42. cxd4+ Kf4 43. Rc6 Rd3 44. Rc2 Rxd4 45. b3 Rd3 46.
Rb2 Kg5 47. Kf2 f4 48. Kg2 Kh4 0-1

[Event "DRUZYNOWE MISTRZOSTWA POLSKI - II LIGA 2018"]
[Site "Jastrzebia Gora"]
[Date "1899-12-30"]
[Round "4.83"]
[White "Koloczek, Maciej"]
[Black "Zawierucha, Aleksander"]
[Result "1/2-1/2"]
[WhiteTitle "I"]
[BlackTitle "k"]
[WhiteElo "1677"]
[BlackElo "1879"]

1. e4 Nf6 2. Nc3 d5 3. e5 d4 4. exf6 dxc3 5. fxg7 cxd2+ 6. Bxd2 Bxg7 7. Qf3 Qd4
8. Bc3 Qg4 9. Bxg7 Qxg7 10. O-O-O Nc6 11. Qg3 O-O 12. Nf3 Be6 13. a3 Rfd8 14.
Bd3 h6 15. Be4 Rd6 16. Rhe1 Kh8 17. Bxc6 bxc6 18. Nd4 Bg4 19. Nf3 Rb8 20. Qe5
Rxd1+ 21. Kxd1 e6 22. Kc1 Bxf3 23. gxf3 Qxe5 24. Rxe5 Rb5 25. Rxb5 cxb5 26. Kd2
Kg7 27. Kc3 Kf6 28. Kb4 Ke5 29. Kxb5 Kf4 30. Kc6 Kxf3 31. Kxc7 Kxf2 32. Kd6 f5
33. c4 f4 34. c5 f3 35. c6 Kg2 36. c7 f2 37. c8=Q f1=Q 38. Qc2+ Kh1 39. Kxe6 Qh3+
40. Kf6 h5 41. Qd1+ Kxh2 42. Qe2+ Kg3 43. Qe3+ Kg4 1/2-1/2

[Event "DRUZYNOWE MISTRZOSTWA POLSKI - II LIGA 2018"]
[Site "Jastrzebia Gora"]
[Date "1899-12-30"]
[Round "4.84"]
[White "Gonsior, Monika"]
[Black "Buchta, Agnieszka"]
[Result "0-1"]
[WhiteTitle "m"]
[BlackTitle "I++"]
[WhiteElo "1993"]
[BlackElo "1852"]

1. e4 e5 2. Nc3 Nf6 3. f4 d5 4. fxe5 Nxe4 5. Nf3 Bc5 6. d4 Bb4 7. Bd2 Bxc3 8. bxc3
Bg4 9. Be2 O-O 10. O-O c6 11. c4 dxc4 12. Bb4 c5 13. Bxc5 Nxc5 14. dxc5 Qa5 15.
Qd4 Bxf3 16. Bxf3 Nc6 17. Bxc6 bxc6 18. Qxc4 Qb5 19. Qc3 Rab8 20. Rf2 Qb2 21.
Qe1 Qd4 22. Kh1 Rbe8 23. Rf5 Qxc5 24. Qe4 g6 25. Rf6 Qxe5 26. Qxe5 Rxe5 27. Rxc6
Re2 28. Kg1 Rd8 29. Rc3 Rdd2 30. Rg3 Rxc2 31. a3 Kg7 32. Rb1 Ra2 33. h3 Reb2 34.
Rc1 Rc2 35. Rf1 h5 36. Rd1 h4 37. Rg4 Rxa3 38. Rxh4 Rg3 39. Rf4 Rcxg2+ 40. Kh1
Rb2 41. Rd7 Rxh3+ 42. Kg1 Rg3+ 43. Kf1 Rc3 44. Rfxf7+ Kh6 45. Rh7+ Kg5 46. Rd1
a5 47. Ra7 Ra2 48. Ra6 a4 49. Rd5+ Kh6 50. Rd1 a3 51. Rb1 Rcc2 52. Rd1 Rcb2 53.
Rc1 Rb3 54. Rd1 Rab2 55. Ra1 Rb1+ 56. Rxb1 Rxb1+ 57. Kf2 Ra1 58. Kg2 Kg5 59. Ra4
Kf5 60. Kf3 Rf1+ 61. Kg2 Ra1 62. Kf3 Ke5 63. Ra6 Kd4 64. Kg2 Kc3 65. Rxg6 Rb1
66. Ra6 Rb3 67. Kf2 Kb2 0-1

[Event "DRUZYNOWE MISTRZOSTWA POLSKI - II LIGA 2018"]
[Site "Jastrzebia Gora"]
[Date "1899-12-30"]
[Round "4.86"]
[White "Kowalczyk, Rafal"]
[Black "Lukasiewicz, Krzysztof"]
[Result "1-0"]
[WhiteTitle "k+"]
[BlackTitle "k"]
[WhiteElo "2242"]
[BlackElo "2242"]

1. e4 c6 2. d4 d5 3. Nc3 dxe4 4. Nxe4 Bf5 5. Ng3 Bg6 6. h4 h6 7. Nf3 Nd7 8. h5
Bh7 9. Bd3 Bxd3 10. Qxd3 e6 11. Bd2 Ngf6 12. Qe2 Be7 13. O-O-O O-O 14. c4 b5 15.
Ne5 Rc8 16. f4 Re8 17. Qf3 Qc7 18. c5 a5 19. Rdf1 b4 20. Ne2 Bf8 21. Nd3 Nd5 22.
g4 Re7 23. g5 hxg5 24. fxg5 e5 25. Ng3 exd4 26. Nf5 Ree8 27. h6 g6 28. Nd6 Re7
29. h7+ Kh8 30. Nxf7+ Rxf7 31. Qxf7 Bg7 32. Bf4 Qd8 33. Qxg6 Qe7 34. Re1 Nf8 35.
Qf5 Ne3 36. Qxc8 Qe4 37. Be5 1-0

[Event "DRUZYNOWE MISTRZOSTWA POLSKI - II LIGA 2018"]
[Site "Jastrzebia Gora"]
[Date "1899-12-30"]
[Round "4.87"]
[White "Jankowiak, Tomasz"]
[Black "Tustanowski, Robert"]
[Result "1-0"]
[WhiteTitle "k"]
[BlackTitle "m"]
[WhiteElo "2107"]
[BlackElo "2238"]

1. e4 d6 2. d4 Nf6 3. Nc3 e5 4. Nf3 Nbd7 5. Bc4 Be7 6. O-O O-O 7. Re1 a6 8. a4
b6 9. h3 c6 10. b4 Bb7 11. d5 cxd5 12. Nxd5 Nxd5 13. Bxd5 Bxd5 14. Qxd5 Qc7 15.
c4 Rfc8 16. Nd2 Nf6 17. Qd3 d5 18. cxd5 Bxb4 19. Rb1 Ba5 20. Rd1 Qc2 21. Qxc2
Rxc2 22. f3 Nd7 23. Nb3 Bb4 24. Be3 Rac8 25. Nc1 Bc5 26. Bxc5 R8xc5 27. Nd3 R5c4
28. Nb4 R2c3 29. d6 Rxb4 30. Rxb4 f6 31. Rbb1 Kf7 32. Rbc1 Rxc1 33. Rxc1 Ke6 34.
Rc6 a5 35. Kf2 h5 36. h4 g6 37. Ke3 f5 38. Kd3 Nc5+ 39. Kc4 fxe4 40. Rxc5 bxc5
41. fxe4 1-0

[Event "DRUZYNOWE MISTRZOSTWA POLSKI - II LIGA 2018"]
[Site "Jastrzebia Gora"]
[Date "1899-12-30"]
[Round "4.88"]
[White "Siekaniec, Jan"]
[Black "Lukasiewicz, Anna"]
[Result "1-0"]
[WhiteTitle "k"]
[BlackTitle "m"]
[WhiteElo "2071"]
[BlackElo "2094"]

1. e4 e5 2. Nf3 Nc6 3. Bc4 Bc5 4. O-O Nf6 5. d3 d6 6. c3 a5 7. Bb3 O-O 8. Nbd2
Be6 9. h3 h6 10. Re1 Qb8 11. Nf1 Qa7 12. Be3 Bxe3 13. Nxe3 a4 14. Bc2 Ne7 15.
d4 Ng6 16. Qd2 b5 17. Kh2 Qb7 18. d5 Bd7 19. Rad1 Nf4 20. g3 Ng6 21. Rg1 Nh7 22.
Nf5 Bxf5 23. exf5 Ne7 24. g4 f6 25. Nh4 Ng5 26. Rg3 c6 27. dxc6 Nxc6 28. Qd5+
Nf7 29. Ng6 Rfe8 30. Be4 Rac8 31. h4 Qb6 32. Qd2 Ne7 33. Nxe7+ Rxe7 34. Bd5 Kh8
35. Rh1 Rc5 36. Kg1 e4 37. g5 e3 38. Rxe3 Rxd5 39. Rxe7 Qd8 40. Qxd5 Qxe7 41.
g6 Nd8 42. Rh3 1-0

[Event "DRUZYNOWE MISTRZOSTWA POLSKI - II LIGA 2018"]
[Site "Jastrzebia Gora"]
[Date "1899-12-30"]
[Round "4.89"]
[White "Jankowiak, Piotr"]
[Black "Tustanowski, Mateusz"]
[Result "0-1"]
[WhiteTitle "I+"]
[BlackTitle "I++"]
[WhiteElo "1925"]
[BlackElo "2064"]

1. e4 c5 2. Nf3 d6 3. d4 cxd4 4. Nxd4 Nf6 5. Nc3 Nc6 6. Be2 e5 7. Nb3 h6 8. O-O
Be6 9. f4 exf4 10. Bxf4 d5 11. exd5 Nxd5 12. Nxd5 Qxd5 13. Qxd5 Bxd5 14. Bf3 Bxf3
15. Rxf3 Be7 16. Rd1 Rd8 17. Rfd3 O-O 18. c3 Rxd3 19. Rxd3 Rd8 20. Rxd8+ Bxd8
21. Kf2 f5 22. Ke2 Kf7 23. Nc5 g5 24. Bd2 b6 25. Nd3 Ke6 26. h4 f4 27. hxg5 hxg5
28. a4 Na5 29. Nb4 Kf5 30. Be1 Ke4 31. Nd3 Nb3 32. Nb4 Na5 33. Nd3 g4 34. Nf2+
Kf5 35. Kd3 Bh4 36. b4 Nc6 37. Kd2 Ne5 38. Ke2 f3+ 39. Kf1 fxg2+ 40. Kxg2 Nf3
41. Kf1 Nxe1 42. Kxe1 Ke5 43. a5 Kd6 44. axb6 axb6 45. Ke2 Bxf2 0-1

[Event "DRUZYNOWE MISTRZOSTWA POLSKI - II LIGA 2018"]
[Site "Jastrzebia Gora"]
[Date "1899-12-30"]
[Round "4.90"]
[White "Kopica, Paulina"]
[Black "Czarniecka, Aleksandra"]
[Result "0-1"]
[WhiteTitle "k"]
[BlackTitle "k"]
[WhiteElo "1940"]
[BlackElo "1822"]

1. e4 c5 2. Nf3 d6 3. d4 cxd4 4. Nxd4 Nf6 5. Nc3 a6 6. Be3 e6 7. f3 b5 8. Qd2 Nbd7
9. g4 h6 10. O-O-O b4 11. Nce2 Qc7 12. Kb1 d5 13. exd5 Nxd5 14. Nf4 N7b6 15. Nb3
Nxe3 16. Qxe3 Bd6 17. Nd5 Nxd5 18. Rxd5 O-O 19. Rd4 a5 20. Rc4 Qe7 21. Nc5 Bxc5
22. Rxc5 Bb7 23. Be2 Rfc8 24. Rxc8+ Rxc8 25. Qb6 a4 26. Rd1 Bd5 27. Rd4 b3 28.
axb3 axb3 29. c4 Bc6 30. Qxb3 Qa7 31. Qd1 Qb6 32. Rd6 Ra8 33. Qd2 Qg1+ 34. Bd1
Bxf3 35. Rd8+ Kh7 36. Qd3+ f5 37. Rd4 Rd8 38. Rxd8 Be4 39. Ka2 Bxd3 40. Rxd3 Qxh2
41. gxf5 exf5 42. c5 Qc7 43. b4 g5 44. Ba4 Kg6 45. Rd6+ Kh5 46. Be8+ Kg4 47. Rxh6
f4 48. c6 f3 49. Rf6 Qa7+ 50. Kb1 Qg1+ 51. Ka2 Qf2+ 52. Kb3 Qe3+ 53. Ka4 Qxe8
54. b5 Qa8+ 55. Kb4 Qa7 0-1

[Event "DRUZYNOWE MISTRZOSTWA POLSKI - II LIGA 2018"]
[Site "Jastrzebia Gora"]
[Date "1899-12-30"]
[Round "4.97"]
[White "Zielinski, Przemyslaw"]
[Black "Maj, Pawel"]
[Result "1-0"]
[WhiteTitle "m"]
[BlackTitle "k"]
[WhiteElo "2299"]
[BlackElo "2090"]

1. d4 Nf6 2. c4 g6 3. Nc3 Bg7 4. e4 d6 5. h3 O-O 6. Bg5 c5 7. d5 h6 8. Be3 e6 9.
dxe6 Bxe6 10. Qd2 Nc6 11. Bxh6 Bxh6 12. Qxh6 Nd4 13. Qd2 Qa5 14. Rc1 Rfe8 15.
Bd3 b5 16. cxb5 c4 17. Bb1 Nxb5 18. Nge2 Rab8 19. O-O Nxc3 20. bxc3 Rb6 21. Nd4
Qh5 22. Rfe1 Bc8 23. Re3 Kg7 24. Rce1 Bb7 25. f3 Qg5 26. Qf2 Nh5 27. f4 Qf6 28.
Rf1 Rxb1 29. Rxb1 Bxe4 30. Rf1 d5 31. g4 1-0

[Event "DRUZYNOWE MISTRZOSTWA POLSKI - II LIGA 2018"]
[Site "Jastrzebia Gora"]
[Date "1899-12-30"]
[Round "4.98"]
[White "Szymczak, Rafal"]
[Black "Bednarczyk, Damian"]
[Result "0-1"]
[WhiteTitle "k"]
[BlackTitle "k"]
[WhiteElo "1883"]
[BlackElo "2215"]

1. d4 Nf6 2. Nf3 e6 3. g3 d5 4. Bg2 Be7 5. O-O O-O 6. b3 b5 7. c4 bxc4 8. bxc4
c5 9. cxd5 Nxd5 10. Ba3 Nd7 11. e4 Nb4 12. Re1 Qa5 13. Bxb4 cxb4 14. Qb3 Ba6 15.
Nbd2 Rfc8 16. Rac1 Rc3 17. Rxc3 bxc3 18. Nb1 Rb8 19. Qc2 Rb2 20. Qc1 Bd3 21. Qxc3
Qxc3 22. Nxc3 Rc2 23. Nd1 Bb4 24. Ne3 Rxa2 25. Rc1 Bxe4 26. Ne5 Bxg2 27. Rc8+
Nf8 28. Kxg2 f6 29. Nd3 Be7 30. Rc7 Rd2 31. Rxe7 Rxd3 32. Rxa7 Rxd4 33. Re7 h5
34. h4 Rd7 35. Rxd7 Nxd7 36. Kf3 Kf7 37. Ke2 Nc5 38. Nc4 e5 39. Ke3 Ke6 40. f3
Nb7 41. Nb2 Nd6 42. Nd3 Nf5+ 43. Kf2 Kd6 44. Kg2 Nd4 45. Nf2 Kd5 46. Nh3 Nf5 47.
Kf2 Kd4 48. Ng1 Kd3 49. Ne2 Kd2 50. Ng1 Ne3 51. Nh3 Nd1+ 52. Kg2 Ke3 53. g4 e4
54. fxe4 hxg4 55. Ng1 Kxe4 0-1

[Event "DRUZYNOWE MISTRZOSTWA POLSKI - II LIGA 2018"]
[Site "Jastrzebia Gora"]
[Date "1899-12-30"]
[Round "4.99"]
[White "Lapczynski, Artur"]
[Black "Sielicki, Tomasz"]
[Result "1-0"]
[WhiteTitle "I"]
[BlackTitle "I++"]
[WhiteElo "2050"]
[BlackElo "1963"]

1. e4 e5 2. Nc3 Nf6 3. f4 d5 4. fxe5 Nxe4 5. Qf3 f5 6. d4 Bb4 7. a3 Bxc3+ 8. bxc3
O-O 9. Ne2 c5 10. Bb2 Nc6 11. O-O-O Rb8 12. Nf4 cxd4 13. cxd4 b5 14. Bd3 b4 15.
Bxe4 fxe4 16. Qg3 Bf5 17. Rhf1 bxa3 18. Bxa3 Nb4 19. Bxb4 Rxb4 20. Nh5 Bg6 21.
Rxf8+ Qxf8 22. Nf4 Qf7 23. Qg5 Rb8 24. e6 Qf5 25. Qxf5 Bxf5 26. e7 Re8 27. Rf1
Bg6 28. Nxd5 Bf7 29. Ne3 Rxe7 30. d5 Bg6 31. c4 Rf7 32. Rxf7 Kxf7 33. Kd2 Ke7
34. Kc3 a5 35. c5 Kd7 36. Kc4 Bf7 37. Kb5 a4 38. Kxa4 Bxd5 39. Nxd5 Kc6 40. Nc3
Kxc5 41. Nxe4+ Kd4 42. Ng5 Ke3 43. Nxh7 Kf2 44. g4 Kg2 45. h4 Kg3 46. g5 Kxh4
47. g6 Kg4 48. Kb4 Kf5 49. Nf8 Ke5 50. Kc5 1-0

[Event "DRUZYNOWE MISTRZOSTWA POLSKI - II LIGA 2018"]
[Site "Jastrzebia Gora"]
[Date "1899-12-30"]
[Round "4.100"]
[White "Liberadzki, Slawomir"]
[Black "Mirski, Michal"]
[Result "0-1"]
[WhiteTitle "k"]
[BlackTitle "I"]
[WhiteElo "1955"]
[BlackElo "1988"]

1. e4 c5 2. c3 g6 3. d4 cxd4 4. cxd4 d5 5. exd5 Nf6 6. Nc3 Bg7 7. Nf3 O-O 8. Bc4
Nbd7 9. d6 exd6 10. O-O a6 11. a4 Nb6 12. Bb3 Bf5 13. a5 Nc8 14. Bf4 Ne7 15. d5
Rc8 16. Na4 Be4 17. Nb6 Rc5 18. Be3 Rb5 19. Nd4 Rxb6 20. axb6 Nexd5 21. Bg5 Qxb6
22. Re1 h6 23. Bh4 g5 24. Bg3 Nb4 25. Re3 Bg6 26. Ne6 fxe6 27. Rxe6 Bf7 28. Rxd6
Nc6 29. Bxf7+ Rxf7 30. Ra3 Ne4 31. Rb3 Qc5 32. Qd5 Bd4 33. Rg6+ Kf8 34. Qxc5+
Bxc5 35. Rf3 Rxf3 36. gxf3 Nxg3 37. hxg3 Bd4 38. b3 Bg7 39. Rd6 Ke7 40. Rg6 Bf8
41. f4 gxf4 42. gxf4 Kf7 43. f5 h5 44. Kg2 Be7 45. Kg3 Bf6 46. Kf4 Nd4 47. Rh6
Nxb3 48. Rxh5 a5 49. Ke4 a4 50. Kd3 a3 51. Rh7+ Bg7 52. f6 Kxf6 53. Kc3 a2 54.
Rh1 a1=Q+ 55. Rxa1 Nxa1 0-1

[Event "DRUZYNOWE MISTRZOSTWA POLSKI - II LIGA 2018"]
[Site "Jastrzebia Gora"]
[Date "1899-12-30"]
[Round "4.101"]
[White "Wnek, Filip"]
[Black "Koziol, Pawel"]
[Result "0-1"]
[WhiteTitle "I"]
[BlackTitle "I++"]
[WhiteElo "1806"]
[BlackElo "1880"]

1. e4 g6 2. d4 Bg7 3. Nc3 d6 4. f4 Nf6 5. Nf3 O-O 6. Be2 c5 7. e5 Nfd7 8. Bc4 Nb6
9. Be2 cxd4 10. Qxd4 Nc6 11. Qe3 Bg4 12. exd6 exd6 13. O-O Re8 14. Qf2 Bxf3 15.
Qxf3 Nd4 16. Qd3 Rc8 17. Bg4 f5 18. Bf3 Nxf3+ 19. Qxf3 Qc7 20. Bd2 Nc4 21. Bc1
Nxb2 22. Bxb2 Qb6+ 23. Kh1 Qxb2 24. Nd5 Qxc2 25. Rab1 b6 26. h3 Kh8 27. Rbe1 Rxe1
28. Rxe1 Qd2 29. Re7 Bd4 30. Re2 Qc1+ 31. Kh2 Qc4 32. g4 Qc1 33. Qg2 g5 34. fxg5
Be5+ 35. Rxe5 dxe5 36. Nb4 Qf4+ 37. Qg3 Qd2+ 38. Qg2 Qxg2+ 39. Kxg2 fxg4 40. hxg4
Rc4 0-1

[Event "DRUZYNOWE MISTRZOSTWA POLSKI - II LIGA 2018"]
[Site "Jastrzebia Gora"]
[Date "1899-12-30"]
[Round "4.102"]
[White "Baranska, Monika"]
[Black "Siwek, Kinga"]
[Result "1-0"]
[WhiteTitle "I++"]
[BlackTitle "I+"]
[WhiteElo "1734"]
[BlackElo "1855"]

1. d4 f5 2. Nc3 Nf6 3. Bg5 e6 4. e4 fxe4 5. Nxe4 Be7 6. Bxf6 Bxf6 7. Nf3 d5 8.
Nxf6+ Qxf6 9. c3 Nc6 10. Bb5 Bd7 11. O-O O-O 12. Qe2 a6 13. Bd3 Rae8 14. Rae1
Re7 15. Ne5 Nxe5 16. Qxe5 c6 17. Re3 h6 18. Qg3 Qf4 19. Qg6 Rf6 20. Qh7+ Kf7 21.
Rg3 Ke8 22. Rf3 Qxf3 23. gxf3 Rxf3 24. Qg8+ 1-0

[Event "DRUZYNOWE MISTRZOSTWA POLSKI - II LIGA 2018"]
[Site "Jastrzebia Gora"]
[Date "1899-12-30"]
[Round "4.103"]
[White "Luba, Lukasz"]
[Black "Gierulski, Kamil"]
[Result "0-1"]
[WhiteTitle "I++"]
[BlackTitle "k++"]
[WhiteElo "2130"]
[BlackElo "2219"]

1. d4 d5 2. Bf4 Nf6 3. h3 c5 4. e3 Nc6 5. c3 Qb6 6. Qc2 cxd4 7. exd4 Bf5 8. Qxf5
Qxb2 9. Ne2 e6 10. Qd3 Ne4 11. Bc1 Qxa1 12. f3 Nb4 13. Qb5+ Kd8 14. fxe4 Qxb1
15. a4 Nd3+ 16. Kd2 Qxb5 17. axb5 Nf2 18. Rg1 Nxe4+ 19. Kc2 Rc8 20. Bb2 Bd6 21.
g4 Ke7 22. Bg2 Nf6 23. Ra1 Ra8 24. c4 Rhc8 25. c5 b6 26. c6 a6 27. g5 Ne8 28.
bxa6 Rxc6+ 29. Nc3 b5 30. Kb3 Rcxa6 31. Re1 Kf8 32. Rf1 Nc7 33. h4 Ba3 34. Ba1
Bc1 35. Rxc1 Rxa1 36. Rc2 R8a3+ 37. Kb4 Na6+ 0-1

[Event "DRUZYNOWE MISTRZOSTWA POLSKI - II LIGA 2018"]
[Site "Jastrzebia Gora"]
[Date "1899-12-30"]
[Round "4.104"]
[White "Miasik, Adrian"]
[Black "Flak, Pawel"]
[Result "0-1"]
[WhiteTitle "I++"]
[BlackTitle "k"]
[WhiteElo "1830"]
[BlackElo "2159"]

1. d4 Nf6 2. Nf3 b6 3. g3 Bb7 4. Bg2 e6 5. c4 Be7 6. O-O O-O 7. Nc3 Ne4 8. Qc2
f5 9. Nd2 Nxc3 10. Qxc3 Bxg2 11. Kxg2 d6 12. Nf3 Bf6 13. Qd3 Nc6 14. d5 Nb4 15.
Qd2 a5 16. a3 Na6 17. dxe6 Qe7 18. Qd5 Nc5 19. Rb1 a4 20. Be3 Qxe6 21. Qxe6+ Nxe6
22. Rfd1 g6 23. Bd4 Nxd4 24. Nxd4 Rae8 25. e3 Re4 26. Rd3 Rfe8 27. Rbd1 Kf7 28.
R1d2 R8e5 29. Rc2 Rc5 30. f3 Re8 31. Kf2 d5 32. Rdc3 dxc4 33. Rxc4 Rxc4 34. Rxc4
c5 35. Nb5 Ra8 36. Rc2 Ra5 37. Nc3 Bxc3 38. Rxc3 Rb5 39. Rc2 Rb3 40. Re2 c4 41.
Rc2 c3 42. bxc3 Rxa3 43. Ke2 Ra1 44. Kd3 b5 45. Kd4 Ke6 46. Kc5 Rb1 47. Ra2 Rb3
48. c4 bxc4 49. Rxa4 Rxe3 50. Ra6+ Ke5 51. Ra7 Rxf3 52. Rxh7 c3 53. Re7+ Kf6 54.
Re2 Rd3 55. Rc2 Kg5 56. Kc4 Rd2 57. Rxc3 Rxh2 58. Kd5 Re2 59. Ra3 Kg4 60. Kd4
g5 0-1

[Event "DRUZYNOWE MISTRZOSTWA POLSKI - II LIGA 2018"]
[Site "Jastrzebia Gora"]
[Date "1899-12-30"]
[Round "4.105"]
[White "Rakowiecki, Andrzej"]
[Black "Ciasnocha, Michal"]
[Result "1/2-1/2"]
[WhiteTitle "I"]
[BlackTitle "I"]
[WhiteElo "1962"]
[BlackElo "1741"]

1. d4 d5 2. c4 e6 3. Nc3 Nf6 4. Bg5 c6 5. Nf3 Nbd7 6. e3 Be7 7. Qc2 h6 8. Bh4 O-O
9. Rc1 a6 10. c5 b6 11. b4 a5 12. a3 axb4 13. axb4 bxc5 14. bxc5 Ba6 15. Bxa6
Rxa6 16. O-O Nh5 17. Bxe7 Qxe7 18. Rb1 Ra7 19. Na4 e5 20. Nb6 Nhf6 21. Ra1 Rb7
22. Rfb1 Rfb8 23. Nxd7 Rxb1+ 24. Rxb1 Rxb1+ 25. Qxb1 Nxd7 26. Qb7 exd4 27. exd4
Qe6 28. Kf1 Kh7 29. Qc7 Nf6 30. Ne5 Qf5 31. f3 Qc2 32. Nxc6 Qd1+ 33. Kf2 Qd2+
34. Kf1 Qd1+ 35. Kf2 Qd2+ 36. Kf1 Qd1+ 1/2-1/2

[Event "DRUZYNOWE MISTRZOSTWA POLSKI - II LIGA 2018"]
[Site "Jastrzebia Gora"]
[Date "1899-12-30"]
[Round "4.106"]
[White "Ziemniak, Piotr"]
[Black "Leszner, Liliana"]
[Result "1-0"]
[WhiteTitle "I"]
[BlackTitle "WIM"]
[WhiteElo "1739"]
[BlackElo "2017"]

1. e4 d6 2. d4 g6 3. Nc3 Bg7 4. Be3 c6 5. a4 a5 6. Nf3 Nf6 7. h3 O-O 8. Be2 Qc7
9. Qd2 e5 10. O-O Re8 11. dxe5 dxe5 12. Rad1 Na6 13. Bxa6 Rxa6 14. Qd6 Qxd6 15.
Rxd6 Ra8 16. Rfd1 Nh5 17. Rd8 Be6 18. Bb6 Kf8 19. Rxa8 Rxa8 20. Rd8+ Rxd8 21.
Bxd8 f5 22. Bxa5 h6 23. Bc7 fxe4 24. Nxe5 g5 25. Nxe4 Bf5 26. f3 Nf4 27. a5 Ke7
28. Nc5 Ne6 29. Nxe6 Kxe6 30. Nd3 Kd5 31. Kf2 c5 32. Ke2 Bd7 33. c3 Bb5 34. Ke3
Bf6 35. Nf2 Kc6 36. Ne4 Be7 37. Bb6 Bf1 38. Kf2 Bc4 39. Nd2 Be6 40. Ke3 Bd6 41.
Ne4 Be7 42. g4 Bf7 43. f4 gxf4+ 44. Kxf4 Kd5 45. Kf3 Kc4 46. b3+ Kxb3 47. Bxc5
Bxc5 48. Nxc5+ Kxc3 49. Ke4 Kc4 50. Nxb7 Bd5+ 51. Kf5 Bxb7 52. Kg6 Bg2 53. h4
Bf3 54. a6 Bxg4 55. a7 Bf3 56. Kxh6 Kb5 57. Kg5 Kb6 58. Kf4 Bd5 59. Ke5 Bf3 60.
a8=Q Bxa8 61. h5 1-0

[Event "DRUZYNOWE MISTRZOSTWA POLSKI - II LIGA 2018"]
[Site "Jastrzebia Gora"]
[Date "1899-12-30"]
[Round "4.107"]
[White "Magierski, Dariusz"]
[Black "Wasik, Roman"]
[Result "1-0"]
[WhiteTitle "II"]
[BlackTitle "II+"]
[WhiteElo "1614"]
[BlackElo "1483"]

1. Nf3 g6 2. d4 d6 3. Bf4 Bg7 4. e3 c5 5. Bb5+ Bd7 6. Bxd7+ Nxd7 7. O-O Qb6 8.
Nc3 Ngf6 9. Rb1 O-O 10. d5 Nh5 11. Bg5 Rae8 12. e4 f6 13. Be3 a6 14. g4 f5 15.
gxh5 f4 16. Bd2 gxh5 17. Ng5 Rf6 18. Qxh5 Qd8 19. Qxh7+ Kf8 20. Ne6+ Rxe6 21.
dxe6 Nf6 22. Qg6 Qc8 23. Qf7# 1-0

[Event "DRUZYNOWE MISTRZOSTWA POLSKI - II LIGA 2018"]
[Site "Jastrzebia Gora"]
[Date "1899-12-30"]
[Round "4.108"]
[White "Kozubal, Aleksandra"]
[Black "Bogusz, Katarzyna"]
[Result "1-0"]
[WhiteTitle "I++"]
[BlackTitle "I"]
[WhiteElo "1754"]
[BlackElo "1291"]

1. d4 Nf6 2. Bf4 c5 3. e3 cxd4 4. exd4 Qb6 5. b3 g6 6. Nf3 Bg7 7. c3 O-O 8. Bd3
d6 9. h3 Bd7 10. O-O Bb5 11. Re1 Bxd3 12. Qxd3 Re8 13. Nbd2 Nbd7 14. Re2 Nd5 15.
Bh2 Rac8 16. Nc4 Qc7 17. Rae1 N7f6 18. a4 a6 19. a5 Bf8 20. Nfd2 b5 21. axb6 Nxb6
22. Nxb6 Qxb6 23. c4 Qa7 24. Ra1 Nd7 25. Nf3 Bg7 26. Rae1 Nf6 27. d5 Rb8 28. Nd4
Qb7 29. Nc6 Qxb3 30. Qxb3 Rxb3 31. Nxe7+ Kh8 32. Nxg6+ hxg6 33. Rxe8+ Kh7 34.
Bxd6 Nd7 35. c5 Rc3 36. c6 Nb6 37. c7 Bd4 38. Rb1 Rc2 39. Rxb6 Bxf2+ 40. Kh2 1-0

[Event "DRUZYNOWE MISTRZOSTWA POLSKI - II LIGA 2018"]
[Site "Jastrzebia Gora"]
[Date "1899-12-30"]
[Round "5.1"]
[White "Barglowski, Filip"]
[Black "Sapis, Witalis"]
[Result "1/2-1/2"]
[WhiteTitle "FM"]
[BlackTitle "IM"]
[WhiteElo "2311"]
[BlackElo "2369"]

1. e4 c6 2. d4 d5 3. exd5 cxd5 4. Bd3 Nc6 5. c3 Nf6 6. Bf4 g6 7. Nf3 Bg7 8. Nbd2
O-O 9. h3 a6 10. O-O Bf5 11. Bxf5 gxf5 12. Ne5 Nxe5 13. Bxe5 Qb6 14. Qb3 Qxb3
15. axb3 Ne4 16. Bxg7 Kxg7 17. Rfd1 Nxd2 18. Rxd2 Rac8 19. Ra5 e6 20. g3 Rc6 21.
b4 b5 22. Rd1 Rb8 23. Rda1 Rbb6 24. f4 h5 25. Kf2 Kf6 26. Kf3 Rd6 27. Rh1 Rd8
28. Rha1 Rdd6 29. Rh1 Rd8 30. Rha1 Rdd6 1/2-1/2

[Event "DRUZYNOWE MISTRZOSTWA POLSKI - II LIGA 2018"]
[Site "Jastrzebia Gora"]
[Date "1899-12-30"]
[Round "5.2"]
[White "Antolak, Julia"]
[Black "Chylewski, Patryk"]
[Result "1-0"]
[WhiteTitle "WFM"]
[BlackTitle "FM"]
[WhiteElo "2207"]
[BlackElo "2275"]

1. e4 e5 2. Nf3 Nc6 3. Bb5 a6 4. Ba4 Nf6 5. O-O Be7 6. Re1 b5 7. Bb3 d6 8. c3 O-O
9. h3 Nb8 10. d4 Nbd7 11. c4 c6 12. a3 Qc7 13. Nc3 bxc4 14. Bxc4 Nb6 15. Bb3 exd4
16. Nxd4 c5 17. Nf3 c4 18. Bc2 Be6 19. Bf4 Rad8 20. Qe2 Nfd7 21. Rad1 Ne5 22.
Nd4 Bf6 23. Be3 Ned7 24. f4 Nc5 25. Qf2 Be7 26. a4 a5 27. Ndb5 Qc6 28. Bd4 f6
29. Nd5 Bxd5 30. exd5 Nxd5 31. Bxc5 Qxc5 32. Rxd5 Qxd5 33. Rxe7 Rfe8 34. Nc7 1-0